Taylor's clinical nursing skills : (Record no. 8295)

MARC details
000 -LEADER
fixed length control field 00986pam a22002051 4500
020 ## - INTERNATIONAL STANDARD BOOK NUMBER
ISBN 9781451192711; 1451192711
022 ## - INTERNATIONAL STANDARD SERIAL NUMBER
ISSN
050 ## - CALL NUMBER
Classification number RT51
Item number .L99
100 ## - AUTHOR
Personal name Lynn, Pamela
245 ## - TITLE
Title Taylor's clinical nursing skills :
Remainder of title a nursing process approach/
250 ## - EDITION
Edition statement Fourth edition
260 ## - PUBLICATION INFORMATION
Place of publication Philadelphia :
Name of publisher Wolters Kluwer,
Year of publication [2015]
300 ## - DESCRIPTION
Number of Pages xx, 1116 pages ;
Dimensions 28 cm
500 ## - NOTES
General note Includes index
505 ## - FORMATTED CONTENTS NOTE
Table of Content Asepsis and infection control --<br/>Vital signs --<br/>Health assessment --<br/>Safety --<br/>Medication administration --<br/>Perioperative nursing --<br/>Hygiene --<br/>Skin integrity and wound care --<br/>Activity --<br/>Comfort and pain management --<br/>Nutrition --<br/>Urinary elimination --<br/>Bowel elimination --<br/>Oxygenation --<br/>Fluid, electrolyte, and acid-base balance --<br/>Cardiovascular care --<br/>Neurologic care --<br/>Laboratory specimen collection.
650 ## - SUBJECTS
Topical Term Nursing.
650 ## - SUBJECTS
Topical Term Nursing Process.
650 ## - SUBJECTS
Topical Term Nursing Care -- methods.
942 ## - ADDED ENTRY ELEMENTS (KOHA)
Koha item type Books
Holdings
Withdrawn status Lost status Collection code Home library Current library Shelving location Date acquired Source of acquisition Full call number Accession Number Koha item type
    Reference Methodist University Library Tema Methodist University Library Tema General Stacks 19/07/2022 Legon Bookshop RT51 .L99 8349 Books
      Methodist University Library Tema Methodist University Library Tema General Stacks 19/07/2022 Legon Bookshop RT51 .L99 8350 Books
Copyright © 2026  MUG Library